| 000 | 00567nam a22001817a 4500 | ||
|---|---|---|---|
| 999 |
_c12513 _d12513 |
||
| 008 | 241003b 2024 ||||| |||| 00| 0 eng d | ||
| 020 | _a9789280117707 | ||
| 082 |
_a623.8932 _bIMO |
||
| 110 | _aIMO - International Maritime Organization | ||
| 245 | _aGMDSS manual | ||
| 250 | _a11th ed. | ||
| 260 |
_aLondon _bIMO - International Maritime Organization _c2024 |
||
| 300 | _avii, 485p. | ||
| 650 | _aMaritime Safety information and SAR-related information | ||
| 650 | _aOperational procedures for the GMDSS | ||
| 650 | _aSearch and rescue (SAR) | ||
| 942 | _cBK | ||